000 00680nam a2200253Ia 4500
003 OSt
005 20220923224854.0
006 a|||||r|||| 00| 0
007 ta
008 220922b |||||||| |||| 00| 0 hin d
024 _a252,761
037 _cTextual
040 _aARTS
_cARTS
_bhin
041 _2hin
_ahin
082 _aO152,3N14x, H9
100 _aयशपाल
245 0 _aफूलो का कुरता
246 _aFūlo kā kuratā
260 _c1949
300 _a119पृ.
_ccm.
650 _aहिन्दी साहित्य
_9156264
942 _hO152,3N14x, H9
_cTEXL
_2CC
999 _c374291
_d374291